000 00979cam a2200289 a 4500
001 13662733
003 CEME
005 20210628201543.0
008 040722s2004 nyua b 001 0 eng
010 _a 2004556261
020 _a082474876X (alk. paper)
040 _aDLC
_cDLC
_dDLC
050 0 0 _aTJ1074
_b.O76 2004
082 0 0 _a621.8/25
_222
100 1 _aOrthwein, William C.,
_d1924-
_955812
245 1 0 _aClutches and brakes :
_bdesign and selection /
_cWilliam C. Orthwein.
250 _a2nd ed.
260 _aNew York :
_bM. Dekker,
_cc2004.
300 _axiv, 330 p. :
_bill. ;
_c24 cm.
490 1 _aMechanical engineering ;
_v168
504 _aIncludes bibliographical references and index.
650 0 _aClutches (Machinery)
_955813
650 0 _aBrakes.
_944365
830 0 _aMechanical engineering (Marcel Dekker, Inc.) ;
_v168.
_936219
856 4 2 _3Publisher description
_uhttp://www.loc.gov/catdir/enhancements/fy0647/2004556261-d.html
942 _2ddc
_cBK
999 _c566481
_d566481